| 000 | 008070000a22001810004500 | ||
|---|---|---|---|
| 090 |
_aAR _b04039 |
||
| 245 | 1 | 0 | _aTexto de la Convención sobre el Comercio Internacional de Especies Amenazadas de Fauna y Flora Silvestres firmada en Washington el 3 de marzo de 1973 enmendada en Bonn, el 22 de junio de 1979 |
| 300 | _ap. 33-39 | ||
| 650 | 1 | 4 |
_aCITES _92790 |
| 650 | 1 | 4 |
_aLegislación ambiental _992309 |
| 650 | 1 | 4 |
_aPolíticas ambientales _95366 |
| 650 | 1 | 4 |
_aBiocomercio _992419 |
| 650 | 1 | 4 |
_aConvenios internacionales _93879 |
| 041 | 0 | _aEspañol | |
| 110 | 1 |
_aConvención sobre el Comercio Internacional de Especies Amenazadas de Fauna y Flora Silvestres _99754 |
|
| 260 |
_aBonn _bConvención sobre el Comercio Internacional de Especies Amenazadas de Fauna y Flora Silvestres _c1979 |
||
| 942 | _cARTICULO | ||
| 999 |
_c13072 _d13072 |
||